<?xml version="1.0" encoding="UTF-8"?><?xml-stylesheet type="text/xsl" href="static/style.xsl"?><OAI-PMH xmlns="http://www.openarchives.org/OAI/2.0/" xmlns:xsi="http://www.w3.org/2001/XMLSchema-instance" xsi:schemaLocation="http://www.openarchives.org/OAI/2.0/ http://www.openarchives.org/OAI/2.0/OAI-PMH.xsd"><responseDate>2026-04-17T17:02:25Z</responseDate><request verb="GetRecord" identifier="oai:www.recercat.cat:2072/379927" metadataPrefix="marc">https://recercat.cat/oai/request</request><GetRecord><record><header><identifier>oai:recercat.cat:2072/379927</identifier><datestamp>2026-04-03T21:40:58Z</datestamp><setSpec>com_2072_98</setSpec><setSpec>col_2072_378192</setSpec></header><metadata><record xmlns="http://www.loc.gov/MARC21/slim" xmlns:dcterms="http://purl.org/dc/terms/" xmlns:xsi="http://www.w3.org/2001/XMLSchema-instance" xmlns:doc="http://www.lyncode.com/xoai" xsi:schemaLocation="http://www.loc.gov/MARC21/slim http://www.loc.gov/standards/marcxml/schema/MARC21slim.xsd">
   <leader>00925njm 22002777a 4500</leader>
   <datafield ind2=" " ind1=" " tag="042">
      <subfield code="a">dc</subfield>
   </datafield>
   <datafield ind2=" " ind1=" " tag="720">
      <subfield code="a">Segura de León, S.</subfield>
      <subfield code="e">author</subfield>
   </datafield>
   <datafield ind2=" " ind1=" " tag="720">
      <subfield code="a">Toledo Melero, José Julián</subfield>
      <subfield code="e">author</subfield>
   </datafield>
   <datafield ind2=" " ind1=" " tag="260">
      <subfield code="c">1999</subfield>
   </datafield>
   <datafield ind2=" " ind1=" " tag="520">
      <subfield code="a">In this note we give some summability results for entropy solutions of the nonlinear parabolic equation ut - div ap(x, [del] u)= f in ]0,T[x [omega] with initial datum in L 1 ([omega]) and assuming Dirichlet's boundary condition, where ap(., .) is a Carathéodory function satisfying the classical Leray-Lions hypotheses, f [member] L 1 (]0,T[x [omega]) and [omega] is a domain in R N. We find spaces of type L r (0,T ; M q ([omega])) containing the entropy solution and its gradient. We also include some summability results when f = 0 and the p-Laplacian equation is considered.</subfield>
   </datafield>
   <datafield ind2="0" ind1="0" tag="245">
      <subfield code="a">Regularity for entropy solutions of parabolic p-Laplacian type equations</subfield>
   </datafield>
</record></metadata></record></GetRecord></OAI-PMH>